| 000 | 00963nam a2200277Ia 4500 | ||
|---|---|---|---|
| 008 | 160803s9999 xx 000 0 und d | ||
| 020 | _a9780590393775 | ||
| 100 | _aCole, Joanna | ||
| 245 | 4 | _aThe magic school bus in a pickle : | |
| 245 | _ba book about microbes / | ||
| 245 | _cTV tie-in adaptation by Nancy E. Krulik and illustrated by Bob Ostrom | ||
| 260 | _aNew York : | ||
| 260 | _bScholastic Inc. | ||
| 260 | _c1997 | ||
| 300 | _a30 unnumbered pages : | ||
| 300 | _bcolor illustrations ; | ||
| 300 | _c21 cm. | ||
| 440 | _aThe Magic school bus ; | ||
| 440 | _vvol. 5. | ||
| 500 | _a"From an episode of the animated TV series produced by Scholastic Productions, Inc. Based on The magic school bus books written by Joanna Cole and illustrated by Bruce Degen"--Title page verso. | ||
| 650 | _aMicrobiology -- | ||
| 650 | _aMicroorganisms -- | ||
| 650 | _xJuvenile literature. | ||
| 650 | _xJuvenile literature. | ||
| 700 | _a590 | ||
| 999 |
_c299026 _d299026 |
||